All Along - Louis Tomlinson - All Lyrics - Statistics

General Stats
  • This quiz has been taken 31 times
  • The average score is 181 of 250
Answer Stats
Answer % Correct
I
100%
"I
100%
We
100%
all
91%
and
91%
And
91%
be
91%
in
91%
it
91%
to
91%
you
91%
along
82%
But
82%
just
82%
me
82%
my
82%
(Oh,
82%
oh,
82%
oh)
82%
was
82%
he
73%
Late-night
73%
now
73%
on
73%
said
73%
so
73%
that
73%
the
73%
up
73%
were
73%
can
64%
had
64%
how
64%
I'm
64%
later,
64%
later"
64%
met
64%
tell
64%
that's
64%
'til
64%
'till
64%
turned
64%
TV
64%
wish
64%
young
64%
you're
64%
bed
55%
call
55%
can't
55%
head,
55%
naïve
55%
shit
55%
stayed
55%
time
55%
watching
55%
wrong
55%
been
45%
bread
45%
buy
45%
cigarettes
45%
hear
45%
home
45%
own
45%
remember
45%
say
45%
Tesco
45%
world
45%
clearly
36%
drive
36%
Even
36%
Every
36%
his
36%
I've
36%
over
36%
six
36%
wait
36%
after
27%
awake
27%
done
27%
Ed
27%
Manchester,
27%
place
27%
played
27%
saw
27%
smoking
27%
songs,
27%
takes
27%
held
18%
nerve
18%
we've
18%
while
18%
No matching quizzes found
Score Distribution
Percent of People with Each Score
Percentile by Number Answered
Your Score History
You have not taken this quiz